Statistics for Historical Middle Names #2

Click here to take the quiz!

General Stats

  • This quiz has been taken 15,708 times
    (15,699 since last reset)
  • The average score is 13 of 27

Answer Stats

Name % Correct
Lee {Harvey} Oswald
90%
Alexander {Graham} Bell
89%
Ho {Chi} Minh
86%
Frank {Lloyd} Wright
76%
George {Bernard} Shaw
68%
Jacqueline {Kennedy} Onassis
67%
John {Quincy} Adams
66%
Sandra {Day} O'Connor
62%
George {Washington} Carver
59%
Jean-{Paul} Sartre
57%
June {Carter} Cash
52%
Lyndon {Baines} Johnson
51%
Oliver {Wendell} Holmes
41%
Elizabeth {Barrett} Browning
41%
Jean-{Jacques} Rousseau
40%
Henry {Wadsworth} Longfellow
38%
James {Fenimore} Cooper
37%
William {Butler} Yeats
32%
John {Stuart} Mill
31%
John {Maynard} Keynes
30%
William {Tecumseh} Sherman
29%
Henry {Cabot} Lodge
28%
Franz {Joseph} Haydn
27%
Samuel {Taylor} Coleridge
27%
Mary {Baker} Eddy
18%
William {Makepeace} Thackeray
17%
Samuel {Langhorne} Clemens
15%

Score Distribution

Percentile by Number Answered

Percent of People with Each Score

Your Score History

You have not taken this quiz since the last reset